OBJECTIVE NCERT PUNCH BOOK FOR NTA NEET 2025 4500 NTA like MCQs extracted from NCERT line by line NEET 2024 SOLVED PAPER INCLUDED BIOLOGY (Record no. 67237)
[ view plain ]
| 000 -LEADER | |
|---|---|
| fixed length control field | 00400nam a22001217a 4500 |
| 082 ## - DEWEY DECIMAL CLASSIFICATION NUMBER | |
| Classification number | 570 |
| 100 ## - MAIN ENTRY--AUTHOR NAME | |
| Personal name | Sharma , Vipin Kumar |
| 245 ## - TITLE STATEMENT | |
| Title | OBJECTIVE NCERT PUNCH BOOK FOR NTA NEET 2025 4500 NTA like MCQs extracted from NCERT line by line NEET 2024 SOLVED PAPER INCLUDED BIOLOGY |
| 250 ## - EDITION STATEMENT | |
| Edition statement | 3RD |
| 260 ## - PUBLICATION, DISTRIBUTION, ETC. (IMPRINT) | |
| Place of publication | Delhi |
| Name of publisher | phycics wallah publication |
| Year of publication | 2024 |
| 650 ## - SUBJECT ADDED ENTRY--TOPICAL TERM | |
| Topical Term | biology |
| 942 ## - ADDED ENTRY ELEMENTS (KOHA) | |
| Koha item type | Books |
| Withdrawn status | Lost status | Damaged status | Not for loan | Home library | Current library | Date acquired | Cost, normal purchase price | Full call number | Accession Number | Price effective from | Koha item type |
|---|---|---|---|---|---|---|---|---|---|---|---|
| MACL | MACL | 19/10/2024 | 899.00 | 570 | DPI002613 | 19/10/2024 | Books | ||||
| MACL | MACL | 19/10/2024 | 899.00 | 570 | DPI002614 | 19/10/2024 | Books |









